000 01121nam2a2200289 4500
001 RU\NLR\BIBL_A\012640036
005 20250806202209.0
035 _a(NLR Aleph) 012640036
090 _a18320
_c18320
100 _a20250806 rusy50
101 0 _arus
102 _aRU
135 _acrcn 024anaba
200 0 _a1943, № 41 (7228) (19 фев.)
210 _d1943
325 1 _aКопия доступна в электронной библиотеке РНБ
461 0 _1001RU\NLR\DIGIT\NP\000789
_12001#$aСоветская Сибирь$v1943, № 41 (7228) (19 фев.)
856 0 _uhttps://vivaldi.nlr.ru/ap000067463/view
856 1 _uhttps://vivaldi.nlr.ru/ap000067463/cover
856 2 _uhttps://vivaldi.nlr.ru/ap000067463/text
901 _eГазеты
942 _cISSNP
945 _aРоссийская национальная библиотека
980 _aNB
980 _aBV
981 2 7 _a(27) Периодические издания
_b(27) Газеты